Library Catalogue
St. Thomas' College (Autonomous),Thrissur

വയലാ: അരങ്ങിന്റെ ആത്മസൗന്ദര്യം (Record no. 88540)

MARC details
000 -LEADER
fixed length control field 00496nam a2200181Ia 4500
003 - CONTROL NUMBER IDENTIFIER
control field STCL
008 - FIXED-LENGTH DATA ELEMENTS--GENERAL INFORMATION
fixed length control field 221019s9999 xx 000 0 und d
040 ## - CATALOGING SOURCE
Original cataloging agency STCL
Transcribing agency STCL
Language of cataloging EN
082 ## - DEWEY DECIMAL CLASSIFICATION NUMBER
Edition number 22
100 ## - MAIN ENTRY--PERSONAL NAME
Personal name Varghese, E T
245 #0 - TITLE STATEMENT
Title വയലാ: അരങ്ങിന്റെ ആത്മസൗന്ദര്യം
246 ## - VARYING FORM OF TITLE
Title proper/short title Vayala: aranginte atmasoundaryam
260 ## - PUBLICATION, DISTRIBUTION, ETC. (IMPRINT)
Name of publisher, distributor, etc. Rangachetana
Place of publication, distribution, etc. Thrissur
Date of publication, distribution, etc. 2013
300 ## - PHYSICAL DESCRIPTION
Extent 173 p
365 ## - TRADE PRICE
Price amount 150
546 ## - LANGUAGE NOTE
Language note Malayalam
942 ## - ADDED ENTRY ELEMENTS (KOHA)
Koha item type Book
Source of classification or shelving scheme
Edition
Holdings
Withdrawn status Lost status Source of classification or shelving scheme Damaged status Not for loan Home library Current library Shelving location Date acquired Total Checkouts Full call number Barcode Date last seen Price effective from Koha item type
          Santhome Athenaeum Santhome Athenaeum General Stacks     M815 VAR-V 97457 19/10/2022 19/10/2022 Book
The Librarian
St. Thomas' College (Autonomous),
Thrissur - 680 001, Kerala, INDIA


Phone: +91 487 2420435    Ext: 1006   |    E-mail: stctlib@gmail.com    |    Web: http://stthomas.ac.in